00300nam a22001097a 4500020001800000082001900018245007800037260003400115300001100149563000800160650002200168 a9780367493844 a 343.0968bMAR aMaritime Law /cEdited by Yvonne Baatz & Ainhoa Campas Velasco and et all aNew York :bRoutledge,c2021. a625 p. aPB. aLaw, Maritime Law